01429cam a22003617a 4500003000500000005001700005008004100022010001000063011001000073020001500083035001000098040000900108082001400117100003200131245019100163260004900354300004100403500003100444590004100475590004100516590004100557590004100598590004200639650004600681650003300727700003800760901000700798905002600805942001000831949007500841999001700916952013400933CHAP20220329141917.0980526d1993 ve a r 00110 spa d a75599 a76571 a0877225310 a86156 cCHAP04a331.4bC400aChaney, Elsa M.eed.92184610aMuchacha, cachifa, criada, empleada, empregadinha, sirvienta, y... más nada :btrabajadoras domésticas en América Latina y El Caribec/ed. por Elsa M. Chaney y Mary García Castro aCaracas, Venezuela :bNueva Sociedad,c1993. a425 p. :bilus. ; gráfs. ; cuadros aBibliografía pp. 394-495 aBATCH-UPDb10c20130110lUCH01h0715 aBATCH-UPDb10c20130110lUCH01h2338 aBATCH-UPDb10c20130410lUCH01h0400 aBATCH-UPDb10c20130914lUCH01h1527 aCONVERSIONb10c20130109lUCH01h134114aMujerxSituación socialzColima.97933714aTrabajo de la mujer.91144900 aGarcía Castro, Maryeed.945845 aBK aAlejandra Carrasco M. cLIBRO a331.4 C4bBCcLIBROd33724000691671eLIBROh93307i86156kDonaciØnsi c75599d75599 00102ddc4052708GRALaBCbBCcPA_GRALd2019-12-31fLIBROl0o331.4 C4p33724000691671r2019-12-31 00:00:00w2019-12-31yLIBRO